| 000 | 01453nim a2200277 a 4500 | ||
|---|---|---|---|
| 005 | 20220523230241.0 | ||
| 007 | szuzzzbzzzpzed | ||
| 008 | 080925s2007 ck zzz g d spa d | ||
| 020 | _a9789588318189 | ||
| 028 | 1 | 1 |
_a71602 _bFonolibros |
| 040 |
_aCO-PeBPR _bspa _cCO-PeBPR |
||
| 041 | _aspa | ||
| 082 | 0 | 4 |
_a843.91 _bP968m |
| 100 | 1 |
_aProust, Marcel, _d1871-1922. _eautor |
|
| 245 | 1 | 0 |
_aSodoma y Gomorra _h[registro sonoro] / _cMarcel Proust ; leido por Santiago Munévar. |
| 260 | 3 |
_aBogotá : _bFonolibros : _bYoyo Music, _c2007. |
|
| 300 |
_a3 compac disc son. (196 min.) : _bstereo ; _c12 cm. |
||
| 490 | _aAudio Libros. Literatura para oir | ||
| 520 | _aEn busca del tiempo pérdido: es un inmenso retrato de toda una sociedad y es considerada como una de las grandes obras maestras de toda la literatura. Sodoma y Gomorra se deriva es la descripción de pasiones de todo género, en especial la de Charlus por el músico Verdurín, que es interesante por que refleja la relación que hubo en la vida real. | ||
| 650 |
_aNovela francesa _v Audiolibros _v Compact disc. |
||
| 650 |
_aAudiolibros _v Compact disc. |
||
| 651 | 6 |
_aFrancia _x Vida social y costumbres _v Audiolibros _v Compact disc. |
|
| 700 | 1 |
_aMunévar, Santiago, _enarrador. |
|
| 830 |
_952467 _aDotación MinCultura y BNC - Sala de Patrimonio Bibliográfico y Documental de Risaralda |
||
| 942 |
_2ddc _cAUDL _h843.91 P968m _k843.91 _mP968m |
||
| 999 |
_c16548 _d16548 |
||